[Event "CP-2018-P-00026"]
[Site "LSS email"]
[Date "2018.09.27"]
[Round "?"]
[White "Luzio, Norberto"]
[Black "Kahl, Fred"]
[Result "1/2-1/2"]
[WhiteElo "2278"]
[BlackElo "2389"]
[PlyCount "91"]
[EventDate "2018.10.01"]
[EventType "tourn (corr)"]
[EventRounds "6"]
[EventCountry "GER"]
[SourceTitle "Corr 2022"]
[Source "ChessBase"]
[SourceDate "2021.10.24"]
[SourceVersion "1"]
[SourceVersionDate "2021.10.24"]
[SourceQuality "1"]

1. e4 e5 2. Nf3 Nc6 3. Bb5 Nge7 4. 0-0 g6 5. c3 a6 6. Bc4 Bg7 7. d4 exd4 8. cxd4 b5 9. Bb3 0-0 10. Nc3 Na5 11. Bc2 d6 12. h3 c5 13. Bg5 h6 14. Bh4 Nac6 15. d5 Nd4 16. Nxd4 Bxd4 17. Qc1 g5 18. Bg3 f5 19. Ne2 f4 20. Nxd4 cxd4 21. Bh2 Ng6 22. f3 h5 23. Qd2 Ra7 24. Rac1 Raf7 25. Bd1 Qf6 26. Kh1 Bd7 27. Rc7 Qd8 28. Rb7 Ne5 29. Bg1 Qc8 30. Ra7 Bxh3 31. Rxf7 Rxf7 32. Bxd4 Bd7 33. Kg1 Qd8 34. Be2 h4 35. Qc3 Qf6 36. Rc1 Qh6 37. Bxe5 dxe5 38. Qxe5 h3 39. g4 Qb6+ 40. Kf1 h2 41. Kg2 Qe3 42. Qxg5+ Kf8 43. Qd8+ Kg7 44. Qg5+ Kf8 45. Qd8+ Kg7 46. Qg5+ 1/2-1/2

[Event "CP-2018-P-00026"]
[Site "LSS email"]
[Date "2018.09.27"]
[Round "?"]
[White "Szabo, Vilmos"]
[Black "Luzio, Norberto"]
[Result "1/2-1/2"]
[WhiteElo "2422"]
[BlackElo "2278"]
[PlyCount "68"]
[EventDate "2018.10.01"]
[EventType "tourn (corr)"]
[EventRounds "6"]
[EventCountry "GER"]
[SourceTitle "Corr 2022"]
[Source "ChessBase"]
[SourceDate "2021.10.24"]
[SourceVersion "1"]
[SourceVersionDate "2021.10.24"]
[SourceQuality "1"]

1. d4 Nf6 2. c4 e6 3. Nf3 b6 4. g3 Ba6 5. b3 Bb4+ 6. Bd2 Be7 7. Bg2 c6 8. Bc3 d5 9. Qc2 0-0 10. Ne5 Nfd7 11. Nxd7 Nxd7 12. Nd2 Rc8 13. 0-0 c5 14. dxc5 Nxc5 15. Rad1 Qc7 16. Nf3 Nd7 17. Qb2 Bf6 18. Bxf6 Nxf6 19. cxd5 Nxd5 20. Rfe1 Rfd8 21. Rc1 Qd6 22. h3 h6 23. Kh2 Rxc1 24. Rxc1 Rc8 25. Rd1 Qc7 26. Rd2 Bb7 27. Ne5 Nf6 28. a4 Bxg2 29. Kxg2 a6 30. h4 b5 31. axb5 axb5 32. Qd4 Qb7+ 33. Nf3 Qc6 34. Qd6 Qa8 1/2-1/2

[Event "CP-2017-P-00013"]
[Site "LSS email"]
[Date "2017.09.27"]
[Round "?"]
[White "Luzio, Norberto"]
[Black "Hoge, Kai Uwe"]
[Result "1/2-1/2"]
[WhiteElo "2278"]
[BlackElo "2062"]
[PlyCount "76"]
[EventDate "2017.10.01"]
[EventType "tourn (corr)"]
[EventRounds "6"]
[EventCountry "GER"]
[SourceTitle "Corr 2022"]
[Source "ChessBase"]
[SourceDate "2021.10.24"]
[SourceVersion "1"]
[SourceVersionDate "2021.10.24"]
[SourceQuality "1"]

1. e4 d6 2. d4 Nf6 3. Nc3 g6 4. h3 Bg7 5. Be3 0-0 6. Nf3 a6 7. a4 b6 8. Bc4 e6 9. 0-0 Bb7 10. d5 exd5 11. exd5 Re8 12. Re1 Nbd7 13. Qd2 Ne5 14. Nxe5 Rxe5 15. Bd4 Rxe1+ 16. Rxe1 Qd7 17. Qd3 Re8 18. Rxe8+ Qxe8 19. Bxa6 Qe1+ 20. Qf1 Qxf1+ 21. Bxf1 Nxd5 22. Bxg7 Kxg7 23. Nxd5 Bxd5 24. b4 Kf6 25. a5 bxa5 26. bxa5 Ke5 27. c3 Bc6 28. g4 g5 29. h4 h6 30. hxg5 hxg5 31. Bg2 Bxg2 32. Kxg2 Kd5 33. c4+ Kc6 34. Kf3 Kb7 35. Ke4 Ka6 36. Kf5 Kxa5 37. Kxg5 Kb4 38. Kf6 Kxc4 1/2-1/2

[Event "CP-2017-P-00013"]
[Site "LSS email"]
[Date "2017.09.27"]
[Round "?"]
[White "Trzebiatowski, Krzysztof"]
[Black "Luzio, Norberto"]
[Result "0-1"]
[WhiteElo "1923"]
[BlackElo "2278"]
[PlyCount "132"]
[EventDate "2017.10.01"]
[EventType "tourn (corr)"]
[EventRounds "6"]
[EventCountry "GER"]
[SourceTitle "Corr 2022"]
[Source "ChessBase"]
[SourceDate "2021.10.24"]
[SourceVersion "1"]
[SourceVersionDate "2021.10.24"]
[SourceQuality "1"]

1. e4 e6 2. d3 d5 3. Nd2 Nf6 4. Ngf3 b6 5. c3 c5 6. e5 Nfd7 7. d4 Be7 8. Bb5 Ba6 9. a4 0-0 10. 0-0 Bb7 11. Ne1 Nc6 12. Qg4 f5 13. Qg3 Bh4 14. Qh3 Be7 15. Bxc6 Bxc6 16. Nd3 Rf7 17. Nf3 c4 18. Nf4 Nf8 19. Qg3 Qe8 20. a5 bxa5 21. Rxa5 h6 22. Re1 Bd8 23. Ra6 Rb7 24. h4 Ba4 25. Bd2 Rxb2 26. Ra1 Bd7 27. Bc1 Rb7 28. Ba3 Bb6 29. Bd6 Bb5 30. R6a2 Bd8 31. Rb2 Bc6 32. Rxb7 Bxb7 33. Rb1 Bc6 34. h5 a5 35. Kh2 a4 36. Nh4 Bd7 37. Nhg6 Nxg6 38. Nxg6 Qf7 39. Rb2 Be8 40. Qf3 Bg5 41. Qe2 a3 42. Ra2 Qb7 43. Rxa3 Rxa3 44. Bxa3 Qb3 45. Bc5 Bc1 46. Bb4 Qb1 47. Nf8 Bf7 48. Nd7 Kh8 49. Nf8 Bf4+ 50. g3 Bg5 51. f4 Bd8 52. Kg2 Kg8 53. Ng6 Be8 54. Qf1 Qc2+ 55. Qf2 Qd3 56. Nf8 Ba5 57. Bxa5 Kxf8 58. Qf3 Ba4 59. g4 Bd1 60. Qxd3 cxd3 61. c4 dxc4 62. gxf5 Kf7 63. Kg3 Bxh5 64. Bc3 Bd1 65. Bb4 Ba4 66. Kg4 Bc6 0-1

[Event "BI-2016-F-0000"]
[Site "LSS email"]
[Date "2016.02.14"]
[Round "?"]
[White "Colibaba, Alexandr"]
[Black "Luzio, Norberto"]
[Result "1/2-1/2"]
[WhiteElo "2237"]
[BlackElo "2307"]
[PlyCount "89"]
[EventDate "2016.02.20"]
[EventType "tourn (corr)"]
[EventRounds "10"]
[EventCountry "GER"]
[SourceTitle "Corr 2022"]
[Source "ChessBase"]
[SourceDate "2021.10.24"]
[SourceVersion "1"]
[SourceVersionDate "2021.10.24"]
[SourceQuality "1"]

1. b3 e5 2. Bb2 Nc6 3. e3 d5 4. Bb5 Bd6 5. f4 Qh4+ 6. g3 Qe7 7. Nf3 f6 8. Nc3 Be6 9. fxe5 fxe5 10. d4 e4 11. Ne5 Bxe5 12. Qh5+ Kd7 13. dxe5 a6 14. Bf1 Rd8 15. 0-0-0 g6 16. Qh4 Qxh4 17. gxh4 Ke7 18. Ne2 Bg4 19. c4 Nh6 20. cxd5 Nb4 21. Ba3 a5 22. Rg1 Bxe2 23. Bxe2 Nf5 24. Bc4 Rhf8 25. h5 b5 26. Bxb5 Nxe3 27. d6+ cxd6 28. exd6+ Rxd6 29. Rxd6 Kxd6 30. hxg6 hxg6 31. Rxg6+ Ke5 32. Bb2+ Kf5 33. Rg3 Kf4 34. Kb1 Rd8 35. Bc1 Nbd5 36. Bc4 Nc3+ 37. Ka1 Ncd1 38. Rg8 Rd7 39. Rc8 Rh7 40. Be2 Ke5 41. Re8+ Kf5 42. Rf8+ Ke6 43. Bxd1 Nxd1 44. Bf4 Rg7 45. Bg3 1/2-1/2

[Event "BI-2016-F-0000"]
[Site "LSS email"]
[Date "2016.02.14"]
[Round "?"]
[White "Kahl, Fred"]
[Black "Luzio, Norberto"]
[Result "1/2-1/2"]
[WhiteElo "2355"]
[BlackElo "2307"]
[PlyCount "123"]
[EventDate "2016.02.20"]
[EventType "tourn (corr)"]
[EventRounds "10"]
[EventCountry "GER"]
[SourceTitle "Corr 2022"]
[Source "ChessBase"]
[SourceDate "2021.10.24"]
[SourceVersion "1"]
[SourceVersionDate "2021.10.24"]
[SourceQuality "1"]

1. e4 c5 2. Nf3 d6 3. Bb5+ Nd7 4. c3 Ngf6 5. Qe2 a6 6. Ba4 b5 7. Bc2 Bb7 8. d4 e6 9. Nbd2 Qc7 10. Bd3 c4 11. Bc2 Be7 12. Nf1 0-0 13. Ng3 Rfe8 14. Bd2 e5 15. d5 Nc5 16. 0-0 a5 17. a4 bxa4 18. Be3 g6 19. Bxc5 Qxc5 20. Nd2 Rec8 21. Rxa4 Ba6 22. Rfa1 Bd8 23. Ngf1 Bb6 24. Ne3 Kg7 25. R4a2 Qc7 26. Ba4 Ng8 27. Qf3 Ne7 28. Bc2 Rab8 29. h4 Rf8 30. h5 f5 31. Qe2 f4 32. Nexc4 f3 33. h6+ Kxh6 34. gxf3 g5 35. Bd3 Ng6 36. Nxb6 Nf4 37. Bxa6 Nxe2+ 38. Bxe2 Rxb6 39. Nc4 g4 40. fxg4 Rf4 41. Rxa5 Rxe4 42. Ra7 Rb7 43. Rxb7 Qxb7 44. g5+ Kg6 45. Bd3 Qxd5 46. Bxe4+ Qxe4 47. Ne3 d5 48. Ra6+ Kxg5 49. Ra5 Qb1+ 50. Kg2 Qxb2 51. Rxd5 Qxc3 52. Nc4 Qxc4 53. Rxe5+ Kf4 54. Re3 h5 55. Rf3+ Kg5 56. Rg3+ Kh6 57. Re3 h4 58. Rh3 Qe4+ 59. Kh2 Kg5 60. Re3 Qf5 61. Kg2 Qf4 62. Rh3 1/2-1/2

[Event "BI-2016-F-0000"]
[Site "LSS email"]
[Date "2016.02.14"]
[Round "?"]
[White "Kushnaryov, Andrey"]
[Black "Luzio, Norberto"]
[Result "1/2-1/2"]
[WhiteElo "2122"]
[BlackElo "2307"]
[PlyCount "53"]
[EventDate "2016.02.20"]
[EventType "tourn (corr)"]
[EventRounds "10"]
[EventCountry "GER"]
[SourceTitle "Corr 2022"]
[Source "ChessBase"]
[SourceDate "2021.10.24"]
[SourceVersion "1"]
[SourceVersionDate "2021.10.24"]
[SourceQuality "1"]

1. d4 Nf6 2. Bg5 d5 3. Nd2 Nbd7 4. Ngf3 h6 5. Bh4 c5 6. c3 e6 7. e3 Be7 8. Bd3 b6 9. 0-0 Bb7 10. Ne5 0-0 11. f4 Ne4 12. Bxe7 Qxe7 13. Qe2 Nd6 14. g4 a5 15. Rae1 Ne4 16. Ndf3 Nxe5 17. Nxe5 Rfd8 18. g5 f6 19. gxf6 gxf6 20. Ng6 Qf7 21. Kh1 Kh7 22. f5 Rg8 23. Bxe4 dxe4 24. Nf4 e5 25. Qh5 Rg7 26. Qg6+ Qxg6 27. fxg6+ 1/2-1/2

[Event "BI-2016-F-0000"]
[Site "LSS email"]
[Date "2016.02.14"]
[Round "?"]
[White "Roberts, Anthony"]
[Black "Luzio, Norberto"]
[Result "1-0"]
[WhiteElo "2339"]
[BlackElo "2307"]
[PlyCount "71"]
[EventDate "2016.02.20"]
[EventType "tourn (corr)"]
[EventRounds "10"]
[EventCountry "GER"]
[SourceTitle "Corr 2022"]
[Source "ChessBase"]
[SourceDate "2021.10.24"]
[SourceVersion "1"]
[SourceVersionDate "2021.10.24"]
[SourceQuality "1"]

1. e4 c5 2. Nf3 d6 3. d4 cxd4 4. Nxd4 Nf6 5. Nc3 a6 6. Bg5 e6 7. f4 Be7 8. Qf3 Qc7 9. 0-0-0 Nbd7 10. g4 b5 11. Bxf6 Nxf6 12. g5 Nd7 13. f5 Nc5 14. f6 gxf6 15. gxf6 Bf8 16. Rg1 h5 17. a3 Rb8 18. Re1 Na4 19. Nd5 Qa7 20. Qd3 Nc5 21. Qf3 Na4 22. Qd3 Nc5 23. Qd1 Bd7 24. Bh3 a5 25. Rg7 b4 26. a4 b3 27. cxb3 Rb7 28. Re3 Qb8 29. Kb1 Qa7 30. Bf1 Rb8 31. Qd2 h4 32. Nb5 Rxb5 33. Bxb5 exd5 34. exd5+ Kd8 35. Qe1 Be6 36. dxe6 1-0

[Event "BI-2015-P-0000"]
[Site "LSS email"]
[Date "2015.04.16"]
[Round "?"]
[White "Blair, Matthew"]
[Black "Luzio, Norberto"]
[Result "0-1"]
[WhiteElo "1932"]
[BlackElo "2320"]
[PlyCount "98"]
[EventDate "2015.04.22"]
[EventType "tourn (corr)"]
[EventRounds "10"]
[EventCountry "GER"]
[SourceTitle "Corr 2022"]
[Source "ChessBase"]
[SourceDate "2021.10.24"]
[SourceVersion "1"]
[SourceVersionDate "2021.10.24"]
[SourceQuality "1"]

1. Nf3 Nf6 2. c4 e6 3. g3 d5 4. Bg2 Be7 5. d4 0-0 6. 0-0 dxc4 7. Qc2 a6 8. Qxc4 b5 9. Qc2 Bb7 10. Bd2 Be4 11. Qc1 Bb7 12. Qc2 Be4 13. Qc1 Bb7 14. Bf4 Bd6 15. Nc3 Nbd7 16. Rd1 Rc8 17. a3 Qe8 18. Ne5 Bxg2 19. Kxg2 Nh5 20. Nd3 Nxf4+ 21. Nxf4 c5 22. d5 e5 23. Nh3 f5 24. Ng5 c4 25. Ne6 Rf6 26. Qd2 Nc5 27. Nxc5 Bxc5 28. e3 Qf7 29. Re1 Rh6 30. Qe2 Rf8 31. f4 e4 32. Red1 Rd8 33. Rac1 Qa7 34. Re1 Rhd6 35. Rcd1 Qf7 36. h3 Bb6 37. g4 Ba5 38. Qc2 Bxc3 39. bxc3 Rxd5 40. Rd4 Rxd4 41. exd4 g6 42. Qe2 Qe6 43. gxf5 gxf5 44. Rg1 Rd7 45. Kf2+ Rg7 46. Rxg7+ Kxg7 47. Ke3 Qh6 48. Qg2+ Kf7 49. Qg3 Qg6 0-1

[Event "BI-2015-P-0000"]
[Site "LSS email"]
[Date "2015.04.16"]
[Round "?"]
[White "Garcia, Javier"]
[Black "Luzio, Norberto"]
[Result "0-1"]
[WhiteElo "754"]
[BlackElo "2320"]
[PlyCount "46"]
[EventDate "2015.04.22"]
[EventType "tourn (corr)"]
[EventRounds "10"]
[EventCountry "GER"]
[SourceTitle "Corr 2022"]
[Source "ChessBase"]
[SourceDate "2021.10.24"]
[SourceVersion "1"]
[SourceVersionDate "2021.10.24"]
[SourceQuality "1"]

1. d4 Nf6 2. c4 e6 3. Nc3 Bb4 4. Bg5 h6 5. Bh4 c5 6. dxc5 Bxc3+ 7. bxc3 Qa5 8. Qc2 Qxc5 9. Bxf6 gxf6 10. e3 b6 11. Qe4 Nc6 12. Nf3 f5 13. Qd3 Ba6 14. Be2 d5 15. Qc2 Bxc4 16. Bxc4 Qxc4 17. Qb3 Na5 18. Qxc4 Nxc4 19. 0-0-0 Rc8 20. Nd4 Nd6 21. Kb2 Ne4 22. Rc1 Nxf2 23. Rhf1 Nd3+ 0-1

[Event "BI-2015-P-0000"]
[Site "LSS email"]
[Date "2015.04.16"]
[Round "?"]
[White "Kleimark, Anders Ludvig"]
[Black "Luzio, Norberto"]
[Result "0-1"]
[WhiteElo "1950"]
[BlackElo "2320"]
[PlyCount "24"]
[EventDate "2015.04.22"]
[EventType "tourn (corr)"]
[EventRounds "10"]
[EventCountry "GER"]
[SourceTitle "Corr 2022"]
[Source "ChessBase"]
[SourceDate "2021.10.24"]
[SourceVersion "1"]
[SourceVersionDate "2021.10.24"]
[SourceQuality "1"]

1. d4 Nf6 2. c4 e6 3. Nf3 b6 4. g3 Ba6 5. b3 Bb4+ 6. Bd2 Be7 7. Bg2 c6 8. Bc3 d5 9. Nbd2 Nbd7 10. 0-0 Bb7 11. Re1 0-0 12. e4 dxe4 0-1

[Event "BI-2015-P-0000"]
[Site "LSS email"]
[Date "2015.04.16"]
[Round "?"]
[White "Luzio, Norberto"]
[Black "Guaimare Rodriguez, Carlos Luis"]
[Result "1-0"]
[WhiteElo "2320"]
[BlackElo "983"]
[PlyCount "47"]
[EventDate "2015.04.22"]
[EventType "tourn (corr)"]
[EventRounds "10"]
[EventCountry "GER"]
[SourceTitle "Corr 2022"]
[Source "ChessBase"]
[SourceDate "2021.10.24"]
[SourceVersion "1"]
[SourceVersionDate "2021.10.24"]
[SourceQuality "1"]

1. e4 e6 2. d4 d5 3. Nc3 Nf6 4. e5 Nfd7 5. f4 c5 6. Nf3 Nc6 7. Be3 a6 8. Qd2 Be7 9. Be2 b5 10. 0-0 Qb6 11. dxc5 Bxc5 12. Bxc5 Nxc5 13. Qe3 Na4 14. Qxb6 Nxb6 15. Bd3 Nc4 16. a4 b4 17. Nd1 a5 18. Bxc4 dxc4 19. Ne3 0-0 20. Rfd1 Bb7 21. Nxc4 Rfd8 22. Kf2 Ne7 23. Rxd8+ Rxd8 24. Nxa5 1-0

[Event "BI-2015-P-0000"]
[Site "LSS email"]
[Date "2015.04.16"]
[Round "?"]
[White "Luzio, Norberto"]
[Black "Mason, Ian C"]
[Result "1/2-1/2"]
[WhiteElo "2320"]
[BlackElo "2244"]
[PlyCount "58"]
[EventDate "2015.04.22"]
[EventType "tourn (corr)"]
[EventRounds "10"]
[EventCountry "GER"]
[SourceTitle "Corr 2022"]
[Source "ChessBase"]
[SourceDate "2021.10.24"]
[SourceVersion "1"]
[SourceVersionDate "2021.10.24"]
[SourceQuality "1"]

1. d4 Nf6 2. c4 e6 3. Nf3 d5 4. Nc3 c6 5. e3 Nbd7 6. Bd3 dxc4 7. Bxc4 b5 8. Be2 Bb7 9. 0-0 Be7 10. a3 a5 11. b3 0-0 12. Bb2 b4 13. axb4 axb4 14. Na4 c5 15. Nxc5 Nxc5 16. Rxa8 Qxa8 17. dxc5 Bxc5 18. Qc2 Rc8 19. Ra1 Qb8 20. Be5 Bd6 21. Qb2 Bxe5 22. Qxe5 Qxe5 23. Nxe5 Rc3 24. Bf3 Bxf3 25. gxf3 Ne8 26. Ra8 Kf8 27. Nc4 Ke7 28. Ra7+ Kf8 29. Ra8 Ke7 1/2-1/2

[Event "BI-2012-P-00008"]
[Site "LSS email"]
[Date "2012.04.20"]
[Round "?"]
[White "Batres Bianchi, Luis Carlos"]
[Black "Luzio, Norberto"]
[Result "0-1"]
[WhiteElo "1383"]
[BlackElo "2324"]
[PlyCount "72"]
[EventDate "2012.04.22"]
[EventType "tourn (corr)"]
[EventRounds "10"]
[EventCountry "GER"]
[SourceTitle "Corr 2022"]
[Source "ChessBase"]
[SourceDate "2021.10.24"]
[SourceVersion "1"]
[SourceVersionDate "2021.10.24"]
[SourceQuality "1"]

1. Nf3 Nf6 2. b3 g6 3. Bb2 Bg7 4. d3 0-0 5. Nbd2 d6 6. g3 c5 7. Bg2 Nc6 8. 0-0 e5 9. c4 h6 10. a3 a5 11. Rc1 Bg4 12. h3 Be6 13. Re1 Qd7 14. Kh2 Ra6 15. e3 Re8 16. Qc2 Rb8 17. d4 exd4 18. exd4 cxd4 19. Nxd4 Nxd4 20. Bxd4 Ng4+ 21. hxg4 Bxd4 22. Re4 Bf6 23. f3 d5 24. cxd5 Bxd5 25. Re2 Rc6 26. Qd1 Rd8 27. Nc4 a4 28. Rd2 axb3 29. f4 b2 30. Nxb2 Rxc1 31. Qxc1 Qxg4 32. Qc7 Rc8 33. Qd6 Qh5+ 34. Kg1 Rc1+ 35. Kf2 Bd4+ 36. Rxd4 Rc2+ 0-1

[Event "BI-2012-P-00008"]
[Site "LSS email"]
[Date "2012.04.20"]
[Round "?"]
[White "Luzio, Norberto"]
[Black "Heineccius, August"]
[Result "1-0"]
[WhiteElo "2324"]
[BlackElo "1130"]
[PlyCount "47"]
[EventDate "2012.04.22"]
[EventType "tourn (corr)"]
[EventRounds "10"]
[EventCountry "GER"]
[SourceTitle "Corr 2022"]
[Source "ChessBase"]
[SourceDate "2021.10.24"]
[SourceVersion "1"]
[SourceVersionDate "2021.10.24"]
[SourceQuality "1"]

1. e4 c5 2. Nf3 d6 3. d4 cxd4 4. Nxd4 e5 5. Bb5+ Nc6 6. Nxc6 bxc6 7. Bxc6+ Bd7 8. Bxa8 Qxa8 9. Nc3 Nf6 10. f3 Qb7 11. Nd5 Bc6 12. c4 Kd7 13. 0-0 Nxd5 14. exd5 Qb6+ 15. Rf2 Bb7 16. Qd3 g6 17. Be3 Qa5 18. f4 Bh6 19. fxe5 Bxe3 20. Qxe3 Qc5 21. Qxc5 Rc8 22. Qxd6+ Ke8 23. e6 Rd8 24. exf7# 1-0

[Event "SM-2011-0-00176"]
[Site "LSS email"]
[Date "2011.11.07"]
[Round "?"]
[White "Lovakovic, Franjo"]
[Black "Luzio, Norberto"]
[Result "1/2-1/2"]
[WhiteElo "2354"]
[BlackElo "2324"]
[PlyCount "50"]
[EventDate "2011.11.02"]
[EventType "tourn (corr)"]
[EventRounds "6"]
[EventCountry "GER"]
[SourceTitle "Corr 2022"]
[Source "ChessBase"]
[SourceDate "2021.10.24"]
[SourceVersion "1"]
[SourceVersionDate "2021.10.24"]
[SourceQuality "1"]

1. e4 c5 2. Nf3 Nc6 3. d4 cxd4 4. Nxd4 Nf6 5. Nc3 e5 6. Ndb5 d6 7. Bg5 a6 8. Na3 b5 9. Bxf6 gxf6 10. Nd5 f5 11. exf5 Bxf5 12. c3 Bg7 13. Nc2 0-0 14. Nce3 Be6 15. a4 b4 16. Be2 bxc3 17. bxc3 Ne7 18. Nxe7+ Qxe7 19. 0-0 Rac8 20. Bxa6 Rxc3 21. Nd5 Bxd5 22. Qxd5 Rc5 23. Qb3 e4 24. Rac1 Rxc1 25. Rxc1 Bd4 1/2-1/2

[Event "SM-2011-0-00176"]
[Site "LSS email"]
[Date "2011.11.07"]
[Round "?"]
[White "Luzio, Norberto"]
[Black "Langer, Raimund"]
[Result "1/2-1/2"]
[WhiteElo "2324"]
[BlackElo "2325"]
[PlyCount "75"]
[EventDate "2011.11.02"]
[EventType "tourn (corr)"]
[EventRounds "6"]
[EventCountry "GER"]
[SourceTitle "Corr 2022"]
[Source "ChessBase"]
[SourceDate "2021.10.24"]
[SourceVersion "1"]
[SourceVersionDate "2021.10.24"]
[SourceQuality "1"]

1. e4 e5 2. Nf3 Nc6 3. Bb5 a6 4. Ba4 Nf6 5. 0-0 Be7 6. d3 b5 7. Bb3 0-0 8. Re1 d6 9. c3 Na5 10. Bc2 c5 11. Nbd2 Nc6 12. Nf1 Re8 13. h3 h6 14. Ng3 Be6 15. d4 cxd4 16. cxd4 exd4 17. Nxd4 Nxd4 18. Qxd4 Rc8 19. Bb3 d5 20. e5 Nd7 21. Nh5 Bc5 22. Qf4 Qg5 23. Qxg5 hxg5 24. Bxg5 Bd4 25. Nf4 Bxb2 26. Rad1 Bc3 27. Re2 d4 28. Nxe6 fxe6 29. Be3 dxe3 30. Rxd7 exf2+ 31. Kxf2 a5 32. Rd6 Kf7 33. Re3 g6 34. Rdd3 Bb2 35. Rd2 Bc3 36. Rdd3 Bb2 37. Rd2 Bc3 38. Rdd3 1/2-1/2

[Event "SM-2011-0-00159"]
[Site "LSS email"]
[Date "2011.06.09"]
[Round "?"]
[White "Luzio, Norberto"]
[Black "Baranowski, Tadeusz"]
[Result "1/2-1/2"]
[WhiteElo "2324"]
[BlackElo "2452"]
[PlyCount "44"]
[EventDate "2011.05.09"]
[EventType "tourn (corr)"]
[EventRounds "6"]
[EventCountry "GER"]
[SourceTitle "Corr 2022"]
[Source "ChessBase"]
[SourceDate "2021.10.24"]
[SourceVersion "1"]
[SourceVersionDate "2021.10.24"]
[SourceQuality "1"]

1. e4 c5 2. Nf3 d6 3. d4 cxd4 4. Nxd4 Nf6 5. Nc3 a6 6. Bg5 e6 7. f4 Qb6 8. Qd2 Qxb2 9. Rb1 Qa3 10. f5 e5 11. Bxf6 gxf6 12. Nb3 Be7 13. Be2 Bd7 14. Nd5 Bd8 15. 0-0 Bc6 16. Rf3 Nd7 17. Rd1 Rg8 18. Kh1 Qa4 19. c4 Nb6 20. Na5 Nxd5 21. Nxc6 Qxc6 22. exd5 Qb6 1/2-1/2

[Event "SM-2011-0-00159"]
[Site "LSS email"]
[Date "2011.06.09"]
[Round "?"]
[White "Luzio, Norberto"]
[Black "Nichols, Scott"]
[Result "1/2-1/2"]
[WhiteElo "2324"]
[BlackElo "2484"]
[PlyCount "45"]
[EventDate "2011.05.09"]
[EventType "tourn (corr)"]
[EventRounds "6"]
[EventCountry "GER"]
[SourceTitle "Corr 2022"]
[Source "ChessBase"]
[SourceDate "2021.10.24"]
[SourceVersion "1"]
[SourceVersionDate "2021.10.24"]
[SourceQuality "1"]

1. e4 e6 2. d4 d5 3. Nc3 Nf6 4. e5 Nfd7 5. f4 c5 6. Nf3 Nc6 7. Be3 Be7 8. Qd2 0-0 9. Be2 b6 10. 0-0 Bb7 11. Rad1 a6 12. Qe1 Qc7 13. Qg3 Rad8 14. a3 b5 15. Bd3 f5 16. exf6 Rxf6 17. Qg4 Rh6 18. h3 Bc8 19. Bxh7+ Kxh7 20. Ng5+ Kh8 21. Nf7+ Kh7 22. Ng5+ Kh8 23. Nf7+ 1/2-1/2